places with stan in their name - Statistics

General Stats
  • This quiz has been taken 34 times
    20 since last reset
  • The average score is 8 of 21
Answer Stats
Hint Answer % Correct
Country Afghanistan
88%
Country Kazakhstan
88%
Country Pakistan
88%
Country Tajikistan
88%
Country Turkmenistan
88%
Country Uzbekistan
88%
Country Kyrgyzstan
82%
Province Kurdistan
59%
Province Balochistan
29%
Province Karakalpakstan
29%
Province Golestan
18%
Province Khuzestan
12%
Province Balawaristan
6%
Province Baluchestan
6%
Province Cholistan
6%
Province East Kazakhstan
6%
Province Lorestan
6%
Province Qabailistan
6%
Province Seraikistan
6%
Province Tartarstan
6%
Province West Kazakhstan
6%
No matching quizzes found
Score Distribution
Percent of People with Each Score
Percentile by Number Answered
Your Score History
You have not taken this quiz since the last reset